Η Χρήση των Κοινωνικών Δικτύων και της Σύγχρονης Τεχνολογίας στο Marketing και την Διάθεση Υπηρεσιών στην Αγορά. (Record no. 8593)
[ view plain ]
| 000 -LEADER | |
|---|---|
| fixed length control field | 02067cam a22001934a 4500 |
| 005 - ΗΜΕΡΟΜΗΝΙΑ ΚΑΙ ΩΡΑ ΤΕΛΕΥΤΑΙΑΣ ΕΝΗΜΕΡΩΣΗΣ | |
| Πεδίο ελέγχου | 20250605165244.0 |
| 008 - FIXED-LENGTH DATA ELEMENTS--GENERAL INFORMATION | |
| Πεδίο ελέγχου σταθερού μήκους | 250528s ||||||||||||||||||||||||d |
| 035 ## - SYSTEM CONTROL NUMBER | |
| System control number | 23592 |
| 040 ## - ΠΗΓΗ ΚΑΤΑΛΟΓΟΓΡΑΦΗΣΗΣ | |
| Φορέας πρωτότυπης καταλογογράφησης | MC Athens Campus Library |
| Γλώσσα καταλογογράφησης | Ελληνικά, Μοντέρνα (1453-) |
| Modifying agency | MC Athens Campus Library |
| Κανόνες περιγραφικής καταλογογράφησης | AACR2 |
| 245 1# - ΤΙΤΛΟΣ ΚΑΙ ΔΗΛΩΣΗ ΥΠΕΥΘΥΝΟΤΗΤΑΣ | |
| Τίτλος | Η Χρήση των Κοινωνικών Δικτύων και της Σύγχρονης Τεχνολογίας στο Marketing και την Διάθεση Υπηρεσιών στην Αγορά. |
| 260 ## - PUBLICATION, DISTRIBUTION, ETC. | |
| Date of publication, distribution, etc. | 2016 |
| 300 ## - PHYSICAL DESCRIPTION | |
| Extent | 97 |
| 520 ## - SUMMARY, ETC. | |
| Summary, etc. | Εισαγωγή στο Internet Marketing, η Σημασία των Επικοινωνιών, Τεχνολογία και Επικοινωνία, Internet, Χρήση του Internet, Ηλεκτρονικό Εμπόριο, Οφέλη από τη Χρήση του Internet, Internet Marketing, το Internet ως Μέσο Εμπορικής Επικοινωνίας, Πλεονεκτήματα του Internet Marketing, Inbound Marketing, Ηλεκτρονικά Επιχειρηματικά Μοντέλα και Διαδικτυακό Marketing, Συνεργατικό Marketing (Affiliate Marketing), Search Engine Marketing (SEM), Search Engine Optimization (SEO), Content - Viral - Permission Marketing, Εισαγωγή στα Social Media - Social Networks, Ορισμός των Social Media, Μορφές Κοινωνικής Δικτύωσης, Σελίδες Κοινωνικής Δικτύωσης, Facebook, Linkdln, Twitter, Google Plus, Blogs, YouTube, Οφέλη Κοινωνικών Δικτύων, Social Media Marketing, ο Ρόλος των Social Media στο Marketing, Social Commerce, Social Network Model for Marketing Strategies SNeM2S, Δείκτες Μέτρησης Απόδοσης (KPIs) για το Marketing στα Κοινωνικά Δίκτυα, Οφέλη και Πλεόνεκτηματα του Social Media Marketing, Συμπεράσματα Παράρτημα |
| 700 1# - ΠΡΟΣΘΕΤΗ ΑΝΑΓΡΑΦΗ--ΦΥΣΙΚΟ ΠΡΟΣΩΠΟ | |
| Personal name | Θεοδωρόπουλος Ανδρέας |
| 9 (RLIN) | 3878 |
| 700 1# - ΠΡΟΣΘΕΤΗ ΑΝΑΓΡΑΦΗ--ΦΥΣΙΚΟ ΠΡΟΣΩΠΟ | |
| Personal name | Τιγανή Κωνσταντίνα |
| 9 (RLIN) | 9179 |
| 942 ## - ADDED ENTRY ELEMENTS (KOHA) | |
| Koha item type | Διπλωματική εργασία |
| Τύπος τεκμηρίου | Βιβλιοθήκη | Τρέχουσα τοποθεσία | Barcode | Ημερομηνία απόκτησης | Ταξιθετικό σύμβολο | Αριθμός αντιτύπου | Κατάσταση απόσυρσης | Κατάσταση χαμένου | Κατάσταση κατεστραμμένου | Μη δανεισμός | Σύνολο δανεισμών | Ημερομηνία τελευταίας εμφάνισης | Η τιμή ισχύει από |
|---|---|---|---|---|---|---|---|---|---|---|---|---|---|
| Διπλωματική εργασία | MC Athens Campus Library | MC Athens Campus Library | 9780000085924 | 05/06/2025 | BUS 2016 (5) | 1 | 05/06/2025 | 05/06/2025 |